00633nam a2200193 i 450000100060000000300090000600500170001500700030003200800410003508000280007610000440010424500990014826000460024730000380029349000190033170000490035083000190039985200210041879107ES-MaACL20231229062542.0t|041019s1953 sp ||||1| spa d a821.134.2(729.1)-32"19"1 aHernández Catá, Alfonso,d1885-194014aLos frutos ácidos y otros cuentos / cAlfonso Hernández Catá ; nota preliminar de F.S.R. a[Madrid : bAguilar, c1953] (fRollán) a538 p. : bretr. autor ; c12 cm.1 aCrisol ; v3731 aSainz de Robles, Federico Carlos,d1898-19821 aCrisol ; v3734 aES-MaACLjC-8582